000 00278nam a22000857a 4500
008 131216b xxu||||| |||| 00| 0 eng d
020 _a0072193816
_cAvailable
245 _aHacking Exposed Network Security Secrets & Solutions
_cMcClure, Stuart
260 _aSan Francisco
_bMcGraw-Hill
_c2001
999 _c23534
_d23534